Statistics for Countries with the Lowest Tax

Click here to take the quiz!

General Stats

  • This quiz has been taken 8 times
  • The average score is 5 of 15

Answer Stats

Hint % Answer % Correct
#710%Qatar
75%
#1210%Bulgaria
63%
#49%Hungary
50%
#510%Kosovo
50%
#910%Nauru
38%
#1010%Macedonia
38%
#1310%Bosnia and Herzegovina
38%
#1410%Andorra
38%
#39%Montenegro
25%
#1512%Moldova
25%
#17.5%Uzbekistan
13%
#28%Turkmenistan
13%
#610%Timor-Leste
13%
#1110%Kyrgyzstan
13%
#810%Paraguay
0%

Score Distribution

Percentile by Number Answered

Percent of People with Each Score

Your Score History

You have not taken this quiz